Reflexiones en torno a las reformas introducidas por el decreto 70/2023 en materia de sociedades (Registro nro. 21601)

Detalles MARC
000 -LEADER
fixed length control field 00389 a2200109 4500
001 - CONTROL NUMBER
control field ART_60218
005 - DATE AND TIME OF LATEST TRANSACTION
control field 20260410161812.0
008 - FIXED-LENGTH DATA ELEMENTS--GENERAL INFORMATION
fixed length control field 260409a
100 1# - MAIN ENTRY--PERSONAL NAME
Personal name Camerini, Marcelo A.
245 10 - TITLE STATEMENT
Title Reflexiones en torno a las reformas introducidas por el decreto 70/2023 en materia de sociedades
773 0# - HOST ITEM ENTRY
Title Doctrina Societaria y Concursal
Related parts - N° 434 (ene. 2024)
Record control number REV4298

No hay ítems disponibles.